Looking good in print : (Record no. 7140)

MARC details
000 -LEADER
fixed length control field 00737cam a2200193 a 4500
020 ## - INTERNATIONAL STANDARD BOOK NUMBER
ISBN 1566044715
020 ## - INTERNATIONAL STANDARD BOOK NUMBER
ISBN 9781566044714
050 00 - CALL NUMBER
Classification number TK5105.888
Item number .P21
100 1# - AUTHOR
Personal name Parker, Roger C.
245 10 - TITLE
Title Looking good in print :
Remainder of title deluxe CD-ROM edition /
Statement of responsibility, etc Roger C. Parker ; with Carrie Beverly.
250 ## - EDITION
Edition statement 1st ed.
260 ## - PUBLICATION INFORMATION
Place of publication Research Triangle Park, NC :
Name of publisher Ventana,
Year of publication c1997.
300 ## - DESCRIPTION
Number of Pages xxx, 376 p. :
Other physical details ill. ;
Dimensions 24 cm. +
Accompanying material 1 computer laser optical disc (4 3/4 in.)
500 ## - NOTES
General note Includes index.
505 ## - FORMATTED CONTENTS NOTE
Table of Content Section 1. Elements of design<br/>Section 2. Putting your knowledge into action<br/>Section 3. Solving design pitfalls<br/>Section 4. Appendices
650 #0 - SUBJECTS
Topical Term Desktop publishing.
650 #0 - SUBJECTS
Topical Term Electronic publishing.
942 ## - ADDED ENTRY ELEMENTS (KOHA)
Koha item type Books
Holdings
Withdrawn status Lost status Collection code Home library Current library Shelving location Date acquired Full call number Accession Number Koha item type
    Reference Methodist University Library Main Methodist University Library Main General Stacks   TK5105.888 .P21 38187 Books
Copyright © 2026  MUG Library